000 00229nam a2200097Ia 4500
008 240331s9999 xx 000 0 und d
082 _bSRI
100 _aSri Palpandiyan,
245 0 _aKurusethramum oru nirayutha paniyum
942 _cL
999 _c3858
_d3858